Don't know much about the Bible : (Record no. 33906)
[ view plain ]
| 000 -LEADER | |
|---|---|
| fixed length control field | 00644nam a2200169 4500 |
| 008 - FIXED-LENGTH DATA ELEMENTS--GENERAL INFORMATION | |
| fixed length control field | 100114s1998 nyu b 001 0 eng |
| 020 ## - INTERNATIONAL STANDARD BOOK NUMBER | |
| International Standard Book Number | 0688148840 :gift |
| 090 ## - LOCALLY ASSIGNED LC-TYPE CALL NUMBER (OCLC); LOCAL CALL NUMBER (OCLC) | |
| Classification number (OCLC) (R) ; Classification number, CALL (RLIN) (NR) | BS445 |
| Local cutter number (OCLC) ; Book number/undivided call number, CALL (RLIN) | D29 |
| -- | 1998 |
| 100 1# - MAIN ENTRY--PERSONAL NAME | |
| Personal name | Davis, Kenneth C. |
| 245 10 - TITLE STATEMENT | |
| Title | Don't know much about the Bible : |
| Remainder of title | everything you need to know about the Good Book but never learned / |
| Statement of responsibility, etc | Kenneth C. Davis. |
| 260 ## - PUBLICATION, DISTRIBUTION, ETC. (IMPRINT) | |
| Place of publication, distribution, etc | New York : |
| Name of publisher, distributor, etc | Eagle Brook, |
| Date of publication, distribution, etc | c1998. |
| 300 ## - PHYSICAL DESCRIPTION | |
| Extent | xxiv, 533 p. ; |
| Dimensions | 25 cm. |
| 504 ## - BIBLIOGRAPHY, ETC. NOTE | |
| Bibliography, etc | Includes bibliographical references (p. [497]-505) and index. |
| 630 04 - SUBJECT ADDED ENTRY--UNIFORM TITLE | |
| Uniform title | Bible |
| General subdivision | Introductions. |
| 951 ## - EQUIVALENCE OR CROSS-REFERENCE-GEOGRAPHIC NAME/AREA NAME [OBSOLETE] [CAN/MARC only] | |
| -- | 33474 |
| -- | BS445/D29/1998 |
| -- | 100114144143562 |
| -- | 2000-12-21 |
| -- | GC |
| Withdrawn status | Lost status | Damaged status | Not for loan | Home library | Current library | Shelving location | Date acquired | Accession number | Shelving control number | Total Checkouts | Full call number | Date last seen | Price effective from | Koha item type |
|---|---|---|---|---|---|---|---|---|---|---|---|---|---|---|
| BSOP Library | BSOP Library | GC | 12/21/2000 | 33474 | 127 | BS445/D29/1998 | 02/23/2013 | 02/23/2013 | Books |
